000 00288nam a2200109Ia 4500
008 221009s9999 xx 000 0 und d
082 _a891.433/PAR/N
100 _aपरदेशी
245 0 _aजय महाकाल
260 _bविज्ञान भारती
942 _cBK
999 _c65074
_d65074